000 00672nam a2200229 i 4500
001 C2-0243674
003 PPAK
005 20180727205218.0
008 021105s1989 my |||| ||||| | may d
040 _aPPAK
_beng
_cPPAK
_erda
082 0 4 _a370.15
_223
090 0 0 _a370.15
_bPEL
_dKAM
090 0 0 _a370.15
_bPEL
_dKK
245 0 0 _aPelaksanaan gerakerja ko-kurikulum di sekolah menengah :
_bkajian kes di Pulau Pinang
264 1 _aPulau Pinang :
_bBiro profesional PKPSM ,
_c1989
300 _a6 pages ;
_c33 cm
336 _2rdacontent
_atext
337 _2rdamedia
_aunmediated
338 _2rdacarrier
_avolume
650 1 0 _aStudents - Psychology
942 _ddc
_cB
999 _c58095
_d58095